000 00683nam a2200241Ia 4500
003 OSt
005 20221006165218.0
006 a|||||r|||| 00| 0
007 ta
008 221006b |||||||| |||| 00| 0 hin d
024 _a4,141
037 _cTextual
040 _aFML
_cFML
_bhin
041 _2hin
_ahin
082 _aNR44z7, J9 ; M7 . 1 - ; 1
100 _aGarg Lakshminarayan Au.
245 0 _aSangeet Nibandhavali
_b Sanskaran - 4
260 _aHathras
_bSangeet Karyalaya India
_c1987
300 _a218
_ccm.
490 _v04
942 _hNR44z7, J9 ; M7 . 1 - ; 1
_cTEXL
_2CC
999 _c1120016
_d1120016